Normal view
MARC view
Entry Topical Term
001 - CONTROL NUMBER
- control field: 257595
003 - CONTROL NUMBER IDENTIFIER
- control field:
005 - DATE AND TIME OF LATEST TRANSACTION
- control field: 20210601205711.0
008 - FIXED-LENGTH DATA ELEMENTS
- fixed length control field: 210601|| aca||aabn | a|a d
040 ## - CATALOGING SOURCE
- Original cataloging agency:
- Transcribing agency:
150 ## - HEADING--TOPICAL TERM
- Topical term or geographic name entry element: Poor
- Geographic subdivision: England
- Geographic subdivision: London
670 ## - SOURCE DATA FOUND
- Source citation: Work cat.: (): Orwell, George, 1903-1950 161342, Down and out in Paris and London /, 1954
